000 00324nam a22001337a 4500
008 170508b xxu||||| |||| 00| 0 eng d
020 _acrowanc0308
041 _aeng
080 _24 ED
_a34
100 _a14
101 _aSHJ
245 _aANCIENT RHETORIC FOR CONTEMPORARY STUDENTS
_cCROWLES.SH
942 _2udc
_cBK
999 _c12871
_d12871